Guess all Vietnam provinces (34 provinces) - Statistics

General Stats
  • This quiz has been taken 38 times
  • The average score is 27 of 34
Answer Stats
Population Answer % Correct
4.199.824 Cần Thơ
96%
3.065.628 Đà Nẵng
96%
8.807.523 Hà Nội
96%
14.002.598 Hồ Chí Minh
96%
4.664.124 Hải Phòng
96%
4.952.238 An Giang
92%
3.346.853 Đắk Lắk
92%
1.622.901 Hà Tĩnh
88%
1.870.845 Quảng Trị
88%
2.606.672 Cà Mau
83%
1.432.986 Huế
83%
2.243.554 Khánh Hòa
83%
3.831.694 Nghệ An
83%
4.412.264 Ninh Bình
83%
4.324.783 Thanh Hóa
83%
673.091 Điện Biên
79%
4.491.408 Đồng Nai
79%
3.254.170 Tây Ninh
79%
3.619.433 Bắc Ninh
75%
573.119 Cao Bằng
75%
4.370.046 Đồng Tháp
75%
512.601 Lai Châu
75%
3.872.999 Lâm Đồng
75%
1.497.447 Quảng Ninh
75%
3.583.693 Gia Lai
71%
1.778.785 Lào Cai
71%
4.022.638 Phú Thọ
71%
1.865.270 Tuyên Quang
71%
4.257.581 Vĩnh Long
71%
3.567.943 Hưng Yên
67%
881.384 Lạng Sơn
67%
2.161.755 Quảng Ngãi
67%
1.799.489 Thái Nguyên
67%
1.404.587 Sơn La
63%
No matching quizzes found
Score Distribution
Percent of People with Each Score
Percentile by Number Answered
Your Score History
You have not taken this quiz